000 00332nam a2200145Ia 4500
008 230917s9999||||xx |||||||||||||| ||und||
040 _e62963
_aMAIN
041 _aEnglish
082 _a658.5 B864M
100 _aBuffa, E S
245 0 _aModern production management
260 _bWiley
_c1977
300 _a743 p.
942 _cBK
999 _c231908
_d231908